| 000 | 00934nam a22002417a 4500 | ||
|---|---|---|---|
| 999 |
_c18180 _d18180 |
||
| 003 | AR-CdUCM | ||
| 008 | 190513b ||||| |||| 00| 0 spa d | ||
| 040 |
_aMUNICIPALIDAD PROVINCIAL DEL CUSCO _cBIBLIOTECA MUNICIPAL DEL CUSCO |
||
| 082 |
_a332.4 / _bG84 |
||
| 100 |
_aGrubel, H. G. _938626 |
||
| 245 | _aReforma monetaria internacional / | ||
| 260 |
_aBarcelona : _bLabor, _c1970. |
||
| 300 |
_a494 páginas ; _c23 cm. |
||
| 505 | _aContenido: Centralización de las reservas internacionales -- El oro y la crisis del dolar -- Propuesta para la unión internacional de compensación... | ||
| 650 |
_aReforma monetaria _938627 |
||
| 650 |
_aUnión internacional _938628 |
||
| 650 |
_aDolar _938629 |
||
| 700 |
_aValera Parache, Manuel (prologo) _938630 |
||
| 700 |
_aCardona Torres, Meliton (traducción) _938631 |
||
| 700 |
_aGarcia de la Mora, J. M. (traducción) _938632 |
||
| 942 |
_2ddc _cLIBROS |
||
| 945 |
_adavv _d2019-05-13 |
||